000 00897nam a22002297a 4500
005 20170726101728.0
010 _a1516EN07 ENG-119394
020 _a9780674427822
_c395.00
035 _aB-604017-029
035 _aEN-102926
035 _aB-667425
037 _adpl
_bAakar/Ven
082 _a894.82712
082 _a875
100 _aPeddana, Allasani
245 _aThe story of manu/
_cby Allasani Peddana
260 _aLondon
_bMurty Classical Library of India
_c2015
300 _a602p.
_c19cm(pbk)
942 _2ddc
_cEN
_h875
_mPED
999 _c96421
_d96421